<?xml version="1.0" encoding="UTF-8"?><?xml-stylesheet type="text/xsl" href="static/style.xsl"?><OAI-PMH xmlns="http://www.openarchives.org/OAI/2.0/" xmlns:xsi="http://www.w3.org/2001/XMLSchema-instance" xsi:schemaLocation="http://www.openarchives.org/OAI/2.0/ http://www.openarchives.org/OAI/2.0/OAI-PMH.xsd"><responseDate>2026-04-17T05:32:28Z</responseDate><request verb="GetRecord" identifier="oai:www.recercat.cat:2445/175192" metadataPrefix="marc">https://recercat.cat/oai/request</request><GetRecord><record><header><identifier>oai:recercat.cat:2445/175192</identifier><datestamp>2025-11-20T02:10:59Z</datestamp><setSpec>com_2072_1057</setSpec><setSpec>col_2072_478772</setSpec><setSpec>col_2072_478917</setSpec></header><metadata><record xmlns="http://www.loc.gov/MARC21/slim" xmlns:dcterms="http://purl.org/dc/terms/" xmlns:xsi="http://www.w3.org/2001/XMLSchema-instance" xmlns:doc="http://www.lyncode.com/xoai" xsi:schemaLocation="http://www.loc.gov/MARC21/slim http://www.loc.gov/standards/marcxml/schema/MARC21slim.xsd">
   <leader>00925njm 22002777a 4500</leader>
   <datafield ind2=" " ind1=" " tag="042">
      <subfield code="a">dc</subfield>
   </datafield>
   <datafield ind2=" " ind1=" " tag="720">
      <subfield code="a">Lería Morillo, María</subfield>
      <subfield code="e">author</subfield>
   </datafield>
   <datafield ind2=" " ind1=" " tag="720">
      <subfield code="a">Masip i Boladeras, Roser</subfield>
      <subfield code="e">author</subfield>
   </datafield>
   <datafield ind2=" " ind1=" " tag="260">
      <subfield code="c">2021-03-16T13:48:32Z</subfield>
   </datafield>
   <datafield ind2=" " ind1=" " tag="260">
      <subfield code="c">2021-03-16T13:48:32Z</subfield>
   </datafield>
   <datafield ind2=" " ind1=" " tag="260">
      <subfield code="c">2019-12-23</subfield>
   </datafield>
   <datafield ind2=" " ind1=" " tag="260">
      <subfield code="c">2021-03-16T13:48:32Z</subfield>
   </datafield>
   <datafield ind2=" " ind1=" " tag="520">
      <subfield code="a">En el Grado de Bellas Artes de la Universidad de Barcelona (UB) la disciplina de Dibujo se imparte de forma eminentemente práctica. Ocurre a menudo que el alumnado presenta dificultades para elegir los trabajos que ha de entregar. Bien por dudas sobre los objetivos de la asignatura, o porque no son conscientes de sus propios progresos. El objetivo del presente trabajo es aportar una herramienta de reflexión y autoevaluación, para favorecer en el alumnado la autoconsciencia sobre el propio aprendizaje. El profesorado elabora una plantilla de autoevaluación, con los conceptos relevantes de dibujo que han de asimilar. El alumnado lo cumplimenta individualmente, en base a los trabajos escogidos. Finalmente, se comparan los resultados de la autoevaluación elaborada por el grupo con los resultados de la evaluación elaborada por el profesorado, que ha usado los mismos criterios. Las primeras aplicaciones de dicha herramienta ofrecen un resultado positivo en la percepción del alumnado</subfield>
   </datafield>
   <datafield tag="653" ind2=" " ind1=" ">
      <subfield code="a">Dibuix</subfield>
   </datafield>
   <datafield tag="653" ind2=" " ind1=" ">
      <subfield code="a">Avaluació formativa</subfield>
   </datafield>
   <datafield tag="653" ind2=" " ind1=" ">
      <subfield code="a">Drawing</subfield>
   </datafield>
   <datafield tag="653" ind2=" " ind1=" ">
      <subfield code="a">Formative evaluation</subfield>
   </datafield>
   <datafield ind2="0" ind1="0" tag="245">
      <subfield code="a">Propuesta de Autoevaluación para favorecer el aprendizaje de Dibujo en el ámbito universitaro</subfield>
   </datafield>
</record></metadata></record></GetRecord></OAI-PMH>